[Event "Barcelona La Lira op 14th"]
[Site "Barcelona"]
[Date "2023.04.20"]
[Round "1"]
[White "Vicient Calvo, Ramon"]
[Black "Padin Jimenez, Oriol"]
[Result "1-0"]
[WhiteElo "2075"]
[BlackElo "1613"]
[PlyCount "83"]
[EventDate "2023.04.20"]
[EventType "swiss"]
[EventRounds "9"]
[EventCountry "ESP"]
[SourceTitle "EXT 2024"]
[Source "ChessBase"]
[SourceDate "2023.10.10"]
[SourceVersion "1"]
[SourceVersionDate "2023.10.10"]
[SourceQuality "1"]

1. d4 d5 2. c4 Nc6 3. cxd5 Qxd5 4. e3 e5 5. Nc3 Bb4 6. a3 Bxc3+ 7. bxc3 Nf6 8. c4 Qd6 9. d5 Nb8 10. a4 Na6 11. Ba3 Nb4 12. a5 c5 13. f3 e4 14. f4 0-0 15. Bxb4 cxb4 16. Qd4 Bd7 17. Ne2 b6 18. Ng3 Qc5 19. Qxc5 bxc5 20. Be2 Rab8 21. Kd2 a6 22. Kc2 Rfe8 23. Kb3 Bg4 24. h3 Bxe2 25. Nxe2 Re7 26. g4 Ne8 27. h4 Nd6 28. h5 h6 29. Rhg1 Kh7 30. g5 Nf5 31. g6+ fxg6 32. Rxg6 Ra8 33. Rc6 Nxe3 34. Rxc5 Ree8 35. Nd4 Rac8 36. Kxb4 Rxc5 37. Kxc5 Rc8+ 38. Nc6 Nf5 39. d6 Nxd6 40. Kxd6 g6 41. hxg6+ Kxg6 42. Ne7+ 1-0

[Event "Roncana op-A 14th"]
[Site "Santa Eulalia de Roncana"]
[Date "2022.11.05"]
[Round "4"]
[White "Gonzalez Cobos, Arnau"]
[Black "Vicient Calvo, Ramon"]
[Result "1/2-1/2"]
[WhiteElo "1929"]
[BlackElo "2093"]
[PlyCount "184"]
[EventDate "2022.10.08"]
[EventType "swiss"]
[EventRounds "8"]
[EventCountry "ESP"]
[SourceTitle "EXT 2024"]
[Source "ChessBase"]
[SourceDate "2023.10.10"]
[SourceVersion "1"]
[SourceVersionDate "2023.10.10"]
[SourceQuality "1"]

1. d4 Nf6 2. c4 e6 3. Nf3 Bb4+ 4. Bd2 Bxd2+ 5. Qxd2 d5 6. e3 c6 7. Nc3 Nbd7 8. cxd5 exd5 9. Bd3 0-0 10. 0-0 Re8 11. b4 Ne4 12. Qc2 Ndf6 13. b5 c5 14. dxc5 Nxc5 15. Rfd1 Nxd3 16. Qxd3 Be6 17. Nd4 Qa5 18. Nb3 Qb4 19. Qd4 Qe7 20. Rac1 Rec8 21. Ne2 Qa3 22. Rd2 Rxc1+ 23. Nbxc1 Rc8 24. Qb2 Qa4 25. f3 Qc4 26. Rd4 Qc2 27. Qxc2 Rxc2 28. Ra4 a6 29. bxa6 bxa6 30. Rxa6 Kf8 31. Ra3 Ke7 32. Rc3 Rb2 33. a4 Rb1 34. Kf2 Ra1 35. Rc7+ Kd6 36. Ra7 Nd7 37. Nb3 Ra2 38. Kf1 Bf5 39. Ned4 Bd3+ 40. Kg1 g5 41. Rxd7+ Kxd7 42. Nc5+ Kd6 43. Nxd3 Rxa4 44. Nf5+ Kc7 45. Ne5 f6 46. Nd3 Ra2 47. Nb4 Rd2 48. Nd4 Kd6 49. h3 Rb2 50. Nbc2 Ke5 51. Kf2 f5 52. Kg3 f4+ 53. exf4+ gxf4+ 54. Kg4 Ra2 55. Nc6+ Kd6 56. N6b4 Ra8 57. Kxf4 Kc5 58. Nd3+ Kc4 59. Nce1 d4 60. Ne5+ Kd5 61. N5d3 Re8 62. g4 Re3 63. Kg5 Kc4 64. f4 Rxd3 65. Nxd3 Kxd3 66. f5 Ke3 67. f6 d3 68. f7 d2 69. f8Q d1Q 70. Qe7+ Kf3 71. Qxh7 Qd8+ 72. Kg6 Ke3 73. g5 Qd6+ 74. Kg7 Qd7+ 75. Kg8 Qe8+ 76. Kg7 Qd7+ 77. Kg6 Qe6+ 78. Kg7 Qd7+ 79. Kh8 Qe8+ 80. Kg7 Qe7+ 81. Kg6 Qe6+ 82. Kg7 Qd7+ 83. Kh6 Qxh3+ 84. Kg6 Qe6+ 85. Kg7 Qe7+ 86. Kh8 Qe8+ 87. Kg7 Qd7+ 88. Kh6 Qh3+ 89. Kg6 Qe6+ 90. Kg7 Qe7+ 91. Kh8 Qe8+ 92. Kg7 Qd7+ 1/2-1/2

[Event "Roncana op-A 14th"]
[Site "Santa Eulalia de Roncana"]
[Date "2022.10.15"]
[Round "2"]
[White "Vicient Calvo, Ramon"]
[Black "Lozano Alarcon, Alejandro"]
[Result "1-0"]
[WhiteElo "2093"]
[BlackElo "1678"]
[PlyCount "79"]
[EventDate "2022.10.08"]
[EventType "swiss"]
[EventRounds "8"]
[EventCountry "ESP"]
[SourceTitle "EXT 2024"]
[Source "ChessBase"]
[SourceDate "2023.10.10"]
[SourceVersion "1"]
[SourceVersionDate "2023.10.10"]
[SourceQuality "1"]

1. e4 e5 2. Bc4 Nf6 3. Nc3 Be7 4. d3 0-0 5. Nge2 c5 6. f4 exf4 7. Nxf4 d6 8. 0-0 Nc6 9. Ncd5 Nxd5 10. Bxd5 Ne5 11. Bd2 Bf6 12. Bc3 Rb8 13. a4 a6 14. a5 b5 15. axb6 Qxb6 16. Qe1 Ng4 17. Qg3 Bxc3 18. bxc3 Qd8 19. h3 Nf6 20. Bc4 Qe7 21. Qf2 Qe5 22. g4 Bb7 23. Rae1 Rbd8 24. d4 cxd4 25. cxd4 Qg5 26. e5 Ne4 27. Rxe4 Bxe4 28. Ne6 Qe7 29. Nxd8 Qxd8 30. Bxf7+ Kh8 31. e6 Qe7 32. Qe2 d5 33. Rb1 Qc7 34. Qh2 Qc3 35. e7 Qxd4+ 36. Qf2 Qxf2+ 37. Kxf2 Rxf7+ 38. Ke1 h6 39. e8Q+ Kh7 40. Qxf7 1-0

[Event "Canovelles op"]
[Site "Canovelles"]
[Date "2021.12.30"]
[Round "6"]
[White "Vargas Rodriguez, Gabriel"]
[Black "Vicient Calvo, Ramon"]
[Result "1/2-1/2"]
[WhiteElo "1723"]
[BlackElo "2110"]
[PlyCount "87"]
[EventDate "2021.12.27"]
[EventType "swiss"]
[EventRounds "7"]
[EventCountry "ESP"]
[SourceTitle "CBM 206 Extra"]
[Source "ChessBase"]
[SourceDate "2022.03.31"]
[SourceVersion "1"]
[SourceVersionDate "2022.03.31"]
[SourceQuality "1"]

1. e4 e5 2. Nf3 Nc6 3. Bc4 Nf6 4. 0-0 Be7 5. Re1 d6 6. h3 0-0 7. c3 Na5 8. Bf1 c5 9. b4 cxb4 10. cxb4 Nc6 11. b5 Na5 12. d4 Nd7 13. Bb2 Bf6 14. Nc3 exd4 15. Nd5 Ne5 16. Nxd4 Nac4 17. Bc3 Nb6 18. Nxf6+ Qxf6 19. Rc1 Bd7 20. Ba1 Rac8 21. Qd2 g5 22. Nf3 h6 23. Red1 Rxc1 24. Rxc1 Rc8 25. Rd1 Qxf3 26. gxf3 Nxf3+ 27. Kg2 Nxd2 28. Rxd2 Nc4 29. Bxc4 Rxc4 30. Rxd6 Bxb5 31. Rxh6 Kf8 32. Bf6 Ke8 33. f3 Rc2+ 34. Kg3 Rxa2 35. Bxg5 a5 36. h4 a4 37. h5 Be2 38. Rh8+ Kd7 39. h6 Bxf3 40. Kxf3 Rh2 41. Rb8 Kc6 42. Rf8 a3 43. Rxf7 a2 44. Bf6 1/2-1/2

[Event "Sabadell op 12th"]
[Site "Sabadell"]
[Date "2019.09.04"]
[Round "3"]
[White "Vicient Calvo, Ramon"]
[Black "Garcia Ramos, Daniel"]
[Result "0-1"]
[WhiteElo "2155"]
[BlackElo "2348"]
[PlyCount "86"]
[EventDate "2019.09.02"]
[EventType "swiss"]
[EventRounds "9"]
[EventCountry "ESP"]
[SourceTitle "EXT 2020"]
[Source "ChessBase"]
[SourceDate "2019.10.17"]
[SourceVersion "1"]
[SourceVersionDate "2019.10.17"]
[SourceQuality "1"]

1. d4 Nf6 2. Bg5 e6 3. e4 h6 4. Bxf6 Qxf6 5. c3 d6 6. Bd3 e5 7. Ne2 Nc6 8. 0-0 g5 9. Bb5 a6 10. Qa4 Bd7 11. d5 Nb8 12. Bxd7+ Nxd7 13. c4 h5 14. Nbc3 g4 15. f4 exf4 16. Rxf4 Qg6 17. b4 Bh6 18. Rf5 0-0-0 19. Raf1 Be3+ 20. Kh1 Rh7 21. Nf4 Qg7 22. Qc2 h4 23. Nh5 Qd4 24. Ne2 Qd2 25. Qxd2 Bxd2 26. Nf6 Nxf6 27. Rxf6 Re8 28. Rd1 Bxb4 29. Rf4 g3 30. Nd4 Bc3 31. Nf3 gxh2 32. Kxh2 Rg8 33. Rc1 Bb4 34. Rf1 Bc5 35. Ne1 Rgg7 36. R1f3 Bb4 37. Nd3 Bd2 38. Rf5 Bc3 39. Kh3 Rg8 40. R5f4 Rhg7 41. Rxh4 Rxg2 42. Nf2 Be5 43. Rff4 R8g3# 0-1

[Event "Cornella Pinol Memorial 6th"]
[Site "Cornella de Llobregat"]
[Date "2018.09.24"]
[Round "1"]
[White "Gonzalez Canovas, Sebastian"]
[Black "Vicient Calvo, Ramon"]
[Result "0-1"]
[WhiteElo "1644"]
[BlackElo "2106"]
[PlyCount "72"]
[EventDate "2018.09.24"]
[EventType "swiss"]
[EventRounds "9"]
[EventCountry "ESP"]
[SourceTitle "CBM 187 Extra"]
[Source "ChessBase"]
[SourceDate "2018.11.04"]
[SourceVersion "1"]
[SourceVersionDate "2018.11.04"]
[SourceQuality "1"]

1. c4 e5 2. Nc3 Nc6 3. g3 Bc5 4. Bg2 a6 5. e3 d6 6. a3 Ba7 7. b4 Nf6 8. Bb2 0-0 9. Nge2 Re8 10. 0-0 Rb8 11. Qc2 Be6 12. Nd5 Bxd5 13. cxd5 Ne7 14. e4 c6 15. dxc6 Nxc6 16. Rad1 Rc8 17. Qb1 Qe7 18. d4 Rc7 19. d5 Nb8 20. Rc1 Rec8 21. Bh3 Nbd7 22. Rxc7 Rxc7 23. Rc1 Nb6 24. Kg2 Nc4 25. Nc3 Bd4 26. f3 g5 27. b5 g4 28. fxg4 Nxb2 29. g5 Rxc3 30. Rxc3 Bxc3 31. gxf6 Qxf6 32. Qc2 Bd4 33. Bf5 axb5 34. Qc8+ Kg7 35. Qxb7 Nc4 36. Qd7 Nxa3 0-1

[Event "Cornella Pinol Memorial 5th"]
[Site "Cornella de Llobregat"]
[Date "2017.10.30"]
[Round "6"]
[White "Valenzuela Gomez, Fernando Alberto"]
[Black "Vicient Calvo, Ramon"]
[Result "1-0"]
[WhiteElo "2400"]
[BlackElo "1990"]
[PlyCount "77"]
[EventDate "2017.09.25"]
[EventType "swiss"]
[EventRounds "9"]
[EventCountry "ESP"]
[SourceTitle "CBM 181 Extra"]
[Source "ChessBase"]
[SourceDate "2017.12.12"]
[SourceVersion "1"]
[SourceVersionDate "2017.12.12"]
[SourceQuality "1"]

1. d4 d5 2. c4 e6 3. Nc3 Bb4 4. cxd5 exd5 5. Bf4 Nf6 6. e3 0-0 7. Bd3 c5 8. a3 Ba5 9. dxc5 Bxc3+ 10. bxc3 Qa5 11. Ne2 Qxc5 12. 0-0 Nc6 13. Nd4 Re8 14. Qb3 Ne4 15. Rfc1 a6 16. Qb2 Na5 17. Qb4 Nc4 18. Bxe4 Qxb4 19. Bxh7+ Kxh7 20. axb4 Bd7 21. Rd1 Rac8 22. Nb3 Nb2 23. Rxd5 Rxc3 24. Rxd7 Rxb3 25. Rxb7 Nd3 26. Rxf7 Rxb4 27. h4 Re6 28. h5 Kg8 29. Ra7 Nc5 30. Rd1 Rb7 31. Ra8+ Kf7 32. Rdd8 Nd7 33. g4 Rc6 34. Kg2 Ke6 35. Re8+ Kd5 36. Re7 Nc5 37. Rd8+ Kc4 38. Rxb7 Nxb7 39. Rd7 1-0

[Event "Cornella de Llobregat op"]
[Site "Cornella de Llobregat"]
[Date "2017.05.22"]
[Round "6"]
[White "Vicient Calvo, Ramon"]
[Black "Planella Sanchez, Jordi"]
[Result "1/2-1/2"]
[WhiteElo "2216"]
[BlackElo "2106"]
[PlyCount "96"]
[EventDate "2017.04.03"]
[EventType "swiss"]
[EventRounds "7"]
[EventCountry "ESP"]
[SourceTitle "EXT 2018"]
[Source "ChessBase"]
[SourceDate "2017.10.13"]
[SourceVersion "1"]
[SourceVersionDate "2017.10.13"]
[SourceQuality "1"]

1. d4 Nf6 2. Bg5 Ne4 3. Bf4 c5 4. f3 Qa5+ 5. c3 Nf6 6. d5 d6 7. e4 g6 8. Nd2 Bg7 9. a4 0-0 10. Bc4 Nbd7 11. Ne2 Qc7 12. 0-0 a5 13. Nc1 b6 14. Qe2 Bb7 15. Nd3 Ne5 16. Nxe5 dxe5 17. Be3 Ne8 18. f4 exf4 19. Bxf4 Be5 20. Bxe5 Qxe5 21. Nf3 Qh5 22. e5 Rd8 23. Rad1 Ng7 24. h3 g5 25. Bb3 g4 26. hxg4 Qxg4 27. Qf2 e6 28. d6 f6 29. Nh2 Qg5 30. Qd2 Qxe5 31. Ng4 Qg3 32. Nxf6+ Kh8 33. Qf2 Qg5 34. Rd2 Nf5 35. Bxe6 Rxf6 36. Bxf5 Rdxd6 37. Rxd6 Rxd6 38. Bh3 Qe7 39. Re1 Qd8 40. Qe2 Qf6 41. Qe8+ Kg7 42. Qe7+ Kh6 43. Qe3+ Qg5 44. Qf2 Rf6 45. Re6 Rxe6 46. Bxe6 Bd5 47. Qf8+ Kh5 48. Qf7+ Kh6 1/2-1/2

[Event "Cornella de Llobregat op"]
[Site "Cornella de Llobregat"]
[Date "2017.05.15"]
[Round "5"]
[White "Moreno Martin, Daniel"]
[Black "Vicient Calvo, Ramon"]
[Result "1-0"]
[WhiteElo "2303"]
[BlackElo "2216"]
[PlyCount "29"]
[EventDate "2017.04.03"]
[EventType "swiss"]
[EventRounds "7"]
[EventCountry "ESP"]
[SourceTitle "EXT 2018"]
[Source "ChessBase"]
[SourceDate "2017.10.13"]
[SourceVersion "1"]
[SourceVersionDate "2017.10.13"]
[SourceQuality "1"]

1. e4 e5 2. Nf3 Nc6 3. Bb5 f5 4. Nc3 fxe4 5. Nxe4 Nf6 6. Nxf6+ Qxf6 7. Qe2 Be7 8. Bxc6 bxc6 9. d4 exd4 10. Bg5 Qf7 11. 0-0 Kd8 12. Rfe1 Re8 13. Ne5 Qf8 14. Qh5 Ba6 15. Qg4 1-0

[Event "Cornella de Llobregat op"]
[Site "Cornella de Llobregat"]
[Date "2017.04.24"]
[Round "3"]
[White "Miguel Centeno, David"]
[Black "Vicient Calvo, Ramon"]
[Result "1-0"]
[WhiteElo "2195"]
[BlackElo "2216"]
[PlyCount "55"]
[EventDate "2017.04.03"]
[EventType "swiss"]
[EventRounds "7"]
[EventCountry "ESP"]
[SourceTitle "EXT 2018"]
[Source "ChessBase"]
[SourceDate "2017.10.13"]
[SourceVersion "1"]
[SourceVersionDate "2017.10.13"]
[SourceQuality "1"]

1. e4 e5 2. Bc4 Nf6 3. d3 Nc6 4. Nf3 Be7 5. c3 0-0 6. Nbd2 d5 7. exd5 Nxd5 8. 0-0 Bg4 9. h3 Bh5 10. Re1 Nb6 11. Bb5 f6 12. Ne4 Qd5 13. Qb3 Qxb3 14. axb3 Nd8 15. Be3 Ne6 16. g4 Bf7 17. d4 a6 18. Bf1 exd4 19. Nxd4 Nd5 20. Nxe6 Bxe6 21. Bc5 Rfe8 22. Bc4 b5 23. Bxd5 Bxd5 24. Bxe7 Rxe7 25. Nxf6+ gxf6 26. Rxe7 Bxb3 27. Rxc7 Re8 28. Rxa6 1-0

[Event "Barcelona Primavera La Lira op 8th"]
[Site "Barcelona"]
[Date "2015.06.04"]
[Round "9"]
[White "Serrano Pertinez, Miquel"]
[Black "Vicient Calvo, Ramon"]
[Result "0-1"]
[WhiteElo "2073"]
[BlackElo "1963"]
[PlyCount "74"]
[EventDate "2015.04.09"]
[EventType "swiss"]
[EventRounds "9"]
[EventCountry "ESP"]
[SourceTitle "CBM 166 Extra"]
[Source "ChessBase"]
[SourceDate "2015.06.18"]
[SourceVersion "1"]
[SourceVersionDate "2015.06.18"]
[SourceQuality "1"]

1. b3 d5 2. Bb2 c5 3. e3 Nc6 4. Bb5 Nf6 5. Nf3 Bg4 6. h3 Bxf3 7. Bxc6+ bxc6 8. Qxf3 g6 9. 0-0 Bg7 10. d3 0-0 11. Nc3 Qd6 12. Rac1 Nd7 13. e4 d4 14. Nb1 f5 15. Nd2 Ne5 16. Qe2 f4 17. Nf3 Nxf3+ 18. Qxf3 a5 19. a4 Rab8 20. Rce1 e5 21. Bc1 g5 22. Bd2 Ra8 23. Qg4 Qg6 24. Qd1 h5 25. f3 Qe6 26. Rf2 Bf6 27. Ref1 Kf7 28. Be1 Rg8 29. Bd2 Rg6 30. Re2 g4 31. fxg4 hxg4 32. hxg4 Rxg4 33. Be1 Rh8 34. Rd2 Rg7 35. Rf3 Qg4 36. Rdf2 Bh4 37. Rd2 Bxe1 0-1

[Event "Barcelona Primavera La Lira op 8th"]
[Site "Barcelona"]
[Date "2015.05.07"]
[Round "5"]
[White "Parayre Soguero, Jordi"]
[Black "Vicient Calvo, Ramon"]
[Result "0-1"]
[WhiteElo "1873"]
[BlackElo "1963"]
[PlyCount "76"]
[EventDate "2015.04.09"]
[EventType "swiss"]
[EventRounds "9"]
[EventCountry "ESP"]
[SourceTitle "CBM 166 Extra"]
[Source "ChessBase"]
[SourceDate "2015.06.18"]
[SourceVersion "1"]
[SourceVersionDate "2015.06.18"]
[SourceQuality "1"]

1. d4 d5 2. Nf3 Nc6 3. Bf4 Bg4 4. e3 e6 5. Be2 Bd6 6. Nbd2 Bxf4 7. exf4 Qf6 8. g3 Nge7 9. c3 h5 10. h4 0-0 11. Ng5 Bxe2 12. Qxe2 g6 13. 0-0-0 Nf5 14. Ndf3 Nh6 15. Ne5 Qf5 16. f3 Nxe5 17. fxe5 f6 18. exf6 Rxf6 19. Qb5 Nf7 20. Qxb7 Rf8 21. f4 Qg4 22. Rhg1 Nxg5 23. hxg5 R6f7 24. Rdf1 c5 25. Qc6 cxd4 26. cxd4 Rb8 27. Re1 Rb6 28. Qc8+ Kg7 29. Kb1 h4 30. gxh4 Qf5+ 31. Ka1 Qxf4 32. h5 gxh5 33. g6 Rc7 34. Qe8 Qxd4 35. Rg2 Rbc6 36. a4 Qxa4+ 37. Kb1 Rc1+ 38. Rxc1 Rxc1+ 0-1

[Event "Barcelona Primavera La Lira op 8th"]
[Site "Barcelona"]
[Date "2015.04.30"]
[Round "4"]
[White "Vicient Calvo, Ramon"]
[Black "Sobrevia Castellar, Lluis"]
[Result "1-0"]
[WhiteElo "1963"]
[BlackElo "1821"]
[PlyCount "63"]
[EventDate "2015.04.09"]
[EventType "swiss"]
[EventRounds "9"]
[EventCountry "ESP"]
[SourceTitle "CBM 166 Extra"]
[Source "ChessBase"]
[SourceDate "2015.06.18"]
[SourceVersion "1"]
[SourceVersionDate "2015.06.18"]
[SourceQuality "1"]

1. d4 Nf6 2. Bg5 e6 3. e4 h6 4. Bxf6 Qxf6 5. Nf3 g6 6. Nc3 Qe7 7. Qd2 Bg7 8. 0-0-0 0-0 9. d5 d6 10. Bc4 e5 11. Rdg1 f5 12. h4 b6 13. Qe2 a5 14. Nd2 fxe4 15. Ndxe4 Nd7 16. Bd3 Nf6 17. g4 Bd7 18. g5 hxg5 19. Nxg5 Nh5 20. Bxg6 Nf4 21. Bh7+ Kh8 22. Qd2 Rf6 23. h5 Bh6 24. Bg6 Bf5 25. Kb1 Nxg6 26. Nf7+ Qxf7 27. hxg6 Rxg6 28. Rxg6 Bxg6 29. Qxh6+ Bh7 30. Ne4 Qg7 31. Qh5 Rg8 32. Ng5 1-0

[Event "Barcelona Primavera La Lira op 8th"]
[Site "Barcelona"]
[Date "2015.04.23"]
[Round "3"]
[White "Porras Mateo, Felipe"]
[Black "Vicient Calvo, Ramon"]
[Result "1-0"]
[WhiteElo "2248"]
[BlackElo "1963"]
[PlyCount "67"]
[EventDate "2015.04.09"]
[EventType "swiss"]
[EventRounds "9"]
[EventCountry "ESP"]
[SourceTitle "CBM 166 Extra"]
[Source "ChessBase"]
[SourceDate "2015.06.18"]
[SourceVersion "1"]
[SourceVersionDate "2015.06.18"]
[SourceQuality "1"]

1. c4 c5 2. Nc3 Nc6 3. g3 b6 4. Bg2 Bb7 5. e3 Nf6 6. Nge2 g6 7. 0-0 Bg7 8. d4 d6 9. b3 0-0 10. Bb2 e5 11. dxe5 dxe5 12. Nb5 Ne8 13. Qxd8 Nxd8 14. Rad1 Bxg2 15. Kxg2 Nc6 16. Rd2 Nf6 17. Rfd1 Rfc8 18. Kf3 g5 19. h3 a6 20. Nd6 Rd8 21. Nf5 Rxd2 22. Rxd2 Bf8 23. Nc3 Ne7 24. Ne4 Nxe4 25. Kxe4 Ng6 26. h4 h6 27. h5 Ne7 28. Rd7 Nc6 29. Nd6 f6 30. Kf5 Nb8 31. Rd8 Kg7 32. Ke6 Bxd6 33. Kxd6 b5 34. Kc7 1-0

[Event "Barcelona Sant Marti op-A 4th"]
[Site "Barcelona"]
[Date "2015.03.05"]
[Round "8"]
[White "Vicient Calvo, Ramon"]
[Black "Capellades Subirana, Marc"]
[Result "1/2-1/2"]
[WhiteElo "1891"]
[BlackElo "2153"]
[PlyCount "47"]
[EventDate "2015.01.15"]
[EventType "swiss"]
[EventRounds "9"]
[EventCountry "ESP"]
[SourceTitle "EXT 2016"]
[Source "ChessBase"]
[SourceDate "2015.10.08"]
[SourceVersion "1"]
[SourceVersionDate "2015.10.08"]
[SourceQuality "1"]

1. d4 Nf6 2. Bg5 c6 3. Bxf6 gxf6 4. c4 d5 5. e3 Rg8 6. cxd5 Qxd5 7. Nc3 Qa5 8. a3 e6 9. b4 Qc7 10. g3 Nd7 11. Bg2 a5 12. b5 a4 13. Nge2 Ra5 14. Qd3 c5 15. 0-0 b6 16. Qxh7 Rg6 17. Bc6 f5 18. dxc5 bxc5 19. Rfd1 Rh6 20. Qg8 Rg6 21. Qh8 Rh6 22. Qg8 Rg6 23. Qh8 Rh6 24. Qg8 1/2-1/2

[Event "Barcelona Vila Gracia op 8th"]
[Site "Barcelona"]
[Date "2014.11.07"]
[Round "7.2"]
[White "Vicient Calvo, Ramon"]
[Black "Chalmeta Ugas, Ramon"]
[Result "0-1"]
[WhiteElo "2142"]
[BlackElo "2334"]
[PlyCount "66"]
[EventDate "2014.09.26"]
[EventType "swiss"]
[EventRounds "9"]
[EventCountry "ESP"]
[SourceTitle "EXT 2024"]
[Source "ChessBase"]
[SourceDate "2023.10.10"]
[SourceVersion "1"]
[SourceVersionDate "2023.10.10"]
[SourceQuality "1"]

1. d4 Nf6 2. Bg5 e6 3. e4 h6 4. Bxf6 Qxf6 5. Nf3 d5 6. e5 Qd8 7. c4 dxc4 8. Bxc4 c5 9. d5 exd5 10. Qxd5 Qxd5 11. Bxd5 Nc6 12. Bxc6+ bxc6 13. Na3 Be6 14. Nd2 0-0-0 15. Nac4 Rd4 16. Rc1 Be7 17. Ne3 Rhd8 18. Nf3 Re4 19. 0-0 g5 20. h3 h5 21. Rfd1 Rxd1+ 22. Nxd1 g4 23. Nc3 Rb4 24. hxg4 hxg4 25. Ne1 Rxb2 26. Nd3 Rd2 27. Nf4 Bf5 28. Kf1 Bg5 29. g3 Bxf4 30. gxf4 Rd4 31. Nd1 c4 32. Ne3 Bd3+ 33. Kg2 Rxf4 0-1

[Event "Barcelona Sants op 16th"]
[Site "Barcelona"]
[Date "2014.08.22"]
[Round "1"]
[White "Perpinya Rofes, Lluis Maria"]
[Black "Vicient Calvo, Ramon"]
[Result "1-0"]
[WhiteElo "2391"]
[BlackElo "1958"]
[PlyCount "33"]
[EventDate "2014.08.22"]
[EventType "swiss"]
[EventRounds "10"]
[EventCountry "ESP"]
[SourceTitle "CBM 162 Extra"]
[Source "ChessBase"]
[SourceDate "2014.10.17"]
[SourceVersion "1"]
[SourceVersionDate "2014.10.17"]
[SourceQuality "1"]

1. e4 e6 2. d4 b6 3. Nf3 Bb7 4. Bd3 c5 5. c3 cxd4 6. cxd4 Bb4+ 7. Nbd2 Nf6 8. 0-0 Bxd2 9. Nxd2 Nc6 10. e5 Nd5 11. Ne4 0-0 12. Qh5 g6 13. Qh6 f6 14. exf6 Nxf6 15. Bg5 Nxd4 16. Nxf6+ Rxf6 17. Qh4 1-0

[Event "Barcelona Primavera La Lira op 5th"]
[Site "Barcelona"]
[Date "2012.06.07"]
[Round "8"]
[White "Vicient Calvo, Ramon"]
[Black "Lampurlanes Farre, Isaac"]
[Result "0-1"]
[WhiteElo "1870"]
[BlackElo "1710"]
[PlyCount "58"]
[EventDate "2012.04.19"]
[EventType "swiss"]
[EventRounds "9"]
[EventCountry "ESP"]
[SourceTitle "CBM 148 Extra"]
[Source "ChessBase"]
[SourceDate "2012.06.22"]
[SourceVersion "1"]
[SourceVersionDate "2012.06.22"]
[SourceQuality "1"]

1. d4 Nf6 2. Bg5 Ne4 3. Bf4 d6 4. e3 g6 5. Bd3 Nf6 6. Nd2 Bg7 7. c3 0-0 8. h4 Nh5 9. g4 Nxf4 10. exf4 e5 11. f5 exd4 12. cxd4 Bxd4 13. Qb3 Re8+ 14. Ne2 Qe7 15. 0-0-0 Bg7 16. Rde1 Nc6 17. fxg6 hxg6 18. Nc3 Qxe1+ 19. Rxe1 Rxe1+ 20. Nd1 Nd4 21. Qc4 Bxg4 22. f3 Be6 23. Qb4 Re8 24. Qxb7 Bxa2 25. Qb4 c5 26. Qa4 Bd5 27. Ne4 Bc6 28. Qa6 Bh6+ 29. Ng5 Bxf3 0-1

[Event "Barcelona Primavera La Lira op 5th"]
[Site "Barcelona"]
[Date "2012.05.31"]
[Round "7"]
[White "Jesus Hurtado, Ramon Jose"]
[Black "Vicient Calvo, Ramon"]
[Result "1-0"]
[WhiteElo "1716"]
[BlackElo "1870"]
[PlyCount "93"]
[EventDate "2012.04.19"]
[EventType "swiss"]
[EventRounds "9"]
[EventCountry "ESP"]
[SourceTitle "CBM 148 Extra"]
[Source "ChessBase"]
[SourceDate "2012.06.22"]
[SourceVersion "1"]
[SourceVersionDate "2012.06.22"]
[SourceQuality "1"]

1. e4 e6 2. d4 b6 3. Nf3 Bb7 4. Nbd2 c5 5. c3 cxd4 6. cxd4 Nf6 7. Bd3 Bb4 8. Qe2 0-0 9. 0-0 Nc6 10. a3 Be7 11. b4 a6 12. Bb2 d6 13. Rac1 Nh5 14. g3 g6 15. h4 b5 16. Nb3 Qb6 17. Kh2 Rad8 18. d5 exd5 19. exd5 Ne5 20. Bd4 Nxf3+ 21. Qxf3 Bxd5 22. Qxd5 Qb8 23. Rfe1 Rd7 24. Na5 Bf6 25. Bxf6 Nxf6 26. Qd4 Ne8 27. Nc6 Qb7 28. Be4 d5 29. Bd3 Ng7 30. Ne5 Ne6 31. Qb2 Rdd8 32. Ng4 d4 33. Qe2 h5 34. Nf6+ Kg7 35. Qe5 Kh6 36. Be4 Qb6 37. g4 hxg4 38. Nxg4+ Kh7 39. Qh5+ Kg8 40. Qh6 Qd6+ 41. Kh1 Qe7 42. Bf5 d3 43. Rxe6 fxe6 44. Qxg6+ Kh8 45. Qh5+ Kg8 46. Nh6+ Kg7 47. Rg1+ 1-0